Datum a čas kvízu

26.5 Celkem bodů Celkový počet nahraných bodů na tomto kvízu bez doplňovacích otázek.
2. Pořadí na kvízu Konečné umístění týmu na tomto kvízu.

Zaznamenané odpovědi

# Otázka Odpověď Body Výsledky
1. Český národ si dokáže udělat s... 0
2. Těsně před Vánocemi se na Mezi... 1
3. Tento britský herec, který v z... 0
4. Donald Trump slíbil Norsku stí... 0
5. Zdá se, že nám roste v jižních... 0
6. Pro mimobrněnské soutěžící upř... 1
7. Bývalé pražské nakladatelství... 0
8. Na název českého spolku zaměře... 0
9. Kmen tvořící velkou část obyva... 0
10. Ze šalinkarty vyberete i to, c... 1